000 03391nam0a2200433 4500
001 RU\NLR\BIBL_A\012292565
005 20200928160155.0
010 _a978-5-9590-0679-2
_945
021 _aRU
_bКН-П-20-014586
_9КН-П-20-1149
035 _a(NLR Aleph) 012292565
035 _a(RuMoRGB)010305143
090 _a11277104
_c11277104
100 _a20200714d2019 k y0rusy50 ca
101 0 _arus
_deng
_eeng
102 _aRU
105 _aa|||z|||000zy
181 0 _ai
_baxxe
182 0 _an
200 1 _aДальний Восток России: анализ состояния и перспектив развития
_dThe Russian Far East: performance review and development prospects
_eсборник научных трудов
_fФедеральная таможенная служба, Государственное казенное образовательное учреждение высшего образования "Российская таможенная академия", Владивостокский филиал
_g[под общей редакцией М. В. Ниязовой, кандидата экономических наук, доцента]
_zeng
203 _aТекст
_bвизуальный
_cнепосредственный
210 _aВладивосток
_cредакционно-издательский отдел Владивостокского филиала Российской таможенной академии
_d2019
215 _a155 с.
_cил., табл.
_d25
300 _aРез. англ.
320 _aБиблиогр. в конце ст.
327 1 _aСб. содержит материалы симпозиумов, назв. которых указаны в тексте аннот. и отображены в добавочных записях кол. авт.
510 1 _aRussian Far East: performance review and development prospects
_zeng
607 _aРоссийская Федерация
_yДальний Восток
_xСоциально-экономическое развитие
_jСборники
_2nlr_sh2
_3RU\NLR\AUTH\6601626203
686 1 _aУ03(2Р55)74я43
702 1 _aНиязова
_bМ. В.
_gМарина Валентиновна
_4340
711 1 2 _a"Роль цифровизации и модернизации таможенного дела", молодежный научный симпозиум
_f2019
_eВладивосток
_3RU\NLR\AUTH\880523395
711 1 2 _a"Современное таможенное администрирование как инструмент взаимодействия с бизнесом", молодежный научный симпозиум
_f2019
_eВладивосток
_3RU\NLR\AUTH\880523399
711 1 2 _a"Правовое регулирование деятельности таможенных органов: история и современность", молодежный научный симпозиум
_f2019
_eВладивосток
_3RU\NLR\AUTH\880523397
712 0 2 _aРоссийская таможенная академия
_bВладивостокский филиал
_3RU\NLR\AUTH\889974269
_4570
942 _cBOOK
980 _aNBR
980 _aNB